000 00612nam a2200217Ia 4500
005 20230518113942.0
008 131103s9999 xx 000 0 und d
020 _a8185095922
_cRs.110
040 _aLoreto College
041 _aEnglish
082 _a823.91
_bJAM-EDE
100 _aEdel, Leon
245 _aHenry James
_b A LIfe
_cLeon Edel
260 _aNew Delhi
_bAffiliated east-west press
_c1988
300 _a740p.
504 _aIncludes bibliographical references and index
650 _aJames, Henry - ciriticism
651 _aEnglish Litirature - ciriticism
850 _aLCLIB
942 _cBK
999 _c22523
_d73002